COST ACTION - CA18214 The Geography of New Working Spaces and the Impact on the Periphery

Guardado en:
Detalles Bibliográficos
Autor principal: Tagliaro, Chiara
Otros Autores: Haubrich, Gislene, Mariotti, Ilaria, Rafaj, Oliver, 1989-
Formato: Libro
Lenguaje:inglés
Publicado: Brussels [COST Association] 2024
Edición:1st Edition
Materias:
Etiquetas: Agregar Etiqueta
Sin Etiquetas, Sea el primero en etiquetar este registro!

MARC

LEADER 00000nlm a2200000 4500
001 0300526
005 20240530105416.7
041 0 |a eng 
044 |a BE 
245 1 0 |a COST ACTION - CA18214  |b The Geography of New Working Spaces and the Impact on the Periphery  |c Chiara Tagliaro, Gislene Haubrich, Ilaria Mariotti, Oliver Rafaj 
250 |a 1st Edition 
264 1 |a Brussels  |b [COST Association]  |c 2024 
300 |a 24 s. 
610 2 0 |a práca 
610 2 0 |a priestor pracovný 
610 2 0 |a skupiny pracovné 
610 2 0 |a tímy pracovné 
610 2 0 |a coworking 
100 1 |a Tagliaro, Chiara 
700 1 |a Haubrich, Gislene 
700 1 |a Mariotti, Ilaria 
700 1 |a Rafaj, Oliver, 1989-